Codex of ancient Egyptian plant remains = Codex des restes végétaux de l'Égypte ancienne /

محفوظ في:

المؤلف الرئيسي: Vartavan, Christian de (مؤلف)

مؤلفون آخرون: Amorós, Victoria Asensi.

التنسيق: كتاب

اللغة: English
French

منشور في: London : Triade Exploration, c1997.

سلاسل: Triade Exploration's Opus Magnum series in the field of egyptology ; 1.

الموضوعات:

الوسوم: إضافة وسم

لا توجد وسوم, كن أول من يضع وسما على هذه التسجيلة!

رقم الطلب: CC79.5 .P5 V37 1997

LEADER 01240namaa2200337 4500
001 23453
003 OSt
005 20251029104126.0
008 130303s1997 enk b 001 0 eng d
020 |a 0952782707 
040 |c ARCE Library 
041 0 |a eng  |a fre 
043 |a f-ua--- 
050 4 |a CC79.5 .P5 V37 1997 
100 1 |a Vartavan, Christian de,  |e author  |9 41574 
245 1 0 |a Codex of ancient Egyptian plant remains =   |b Codex des restes végétaux de l'Égypte ancienne /   |c [Christian de Vartavan & Victoria Asensi Amorós]. 
246 3 1 |a Codex des restes végétaux de l'Égypte ancienne. 
264 1 |a London :   |b Triade Exploration,   |c c1997. 
300 |a 401 pages ;  |c 26 cm. 
490 1 |a Triade Exploration's Opus Magnum series in the field of egyptology ;  |v 1. 
504 |a Includes bibliographical references (p. 349-371) and index. 
546 |a English and French.  
650 0 |a Plant remains (Archaeology)  |z Egypt. 
650 0 |a Botany   |z Egypt.  |9 19834 
650 0 |a Paleobotany  |z Egypt. 
650 0 |a Plants  |z Egypt  |x History. 
700 1 |a Amorós, Victoria Asensi. 
830 0 |a Triade Exploration's Opus Magnum series in the field of egyptology ;  |v 1. 
901 |a reviewed 
942 |c BK  |2 lcc 
999 |c 23516  |d 23516